[Event "Frauenbundesliga 2016/2017"]
[Site "Wien / St. Veit / Jenbach"]
[Date "2017.03.25"]
[Round "4"]
[Board "4"]
[White "Tschida, Verena"]
[Black "Sommer, Milena"]
[Result "0-1"]
[WhiteElo "1580"]
[BlackElo "1662"]
[PlyCount "126"]
[EventDate "2017.01.14"]
[EventType "team"]
[EventRounds "7"]
[EventCountry "AUT"]
[WhiteTeam "ASVOE Wulkaprodersdorf"]
[BlackTeam "SV Chesshero Rapid Feffernitz"]

1. d4 d5 2. c4 dxc4 3. Qa4+ Nc6 4. e3 e6 5. Bxc4 Bd7 6. Qd1 Nf6 7. Nc3 Bb4 8.
Nf3 Ne4 9. Bd2 Nxd2 10. Qxd2 O-O 11. O-O Ne7 12. a3 Ba5 13. b4 Bb6 14. Ne5 a6
15. Rfd1 Nc6 16. Nxd7 Qxd7 17. Qc2 Rad8 18. d5 exd5 19. Bxd5 Qe8 20. Be4 Rxd1+
21. Rxd1 h6 22. Nd5 Qe6 23. Nf4 Qf6 24. Bxc6 bxc6 25. Rc1 Rd8 26. h3 Rd6 27.
Nd3 Kf8 28. Nc5 Bxc5 29. Qxc5 Qe6 30. Qa5 Qc8 31. Qc5 Qb7 32. Kf1 Qb5+ 33. Ke1
Ke7 34. Rd1 Qxc5 35. bxc5 Rxd1+ 36. Kxd1 Ke6 37. e4 Ke5 38. Kc2 Kd4 39. Kb3
Kxc5 40. f3 Kd4 41. Kc2 c5 42. h4 h5 43. Kd2 c4 44. Kc2 g6 45. Kd2 c3+ 46. Kc2
c6 47. Kd1 Kd3 48. Kc1 f6 49. Kd1 c2+ 50. Kc1 c5 51. a4 a5 52. g3 Ke3 53. g4
hxg4 54. fxg4 Kxe4 55. h5 gxh5 56. gxh5 Kf5 57. Kxc2 Kg5 58. Kc3 Kxh5 59. Kc4
f5 60. Kxc5 f4 61. Kd4 Kg4 62. Kd3 Kg3 63. Kd2 Kg2 0-1

[Event "Frauenbundesliga 2016/2017"]
[Site "Wien / St. Veit / Jenbach"]
[Date "2017.03.25"]
[Round "4"]
[Board "1"]
[White "Hiebler, Laura"]
[Black "Trippold, Denise"]
[Result "0-1"]
[WhiteElo "2029"]
[BlackElo "2064"]
[PlyCount "148"]
[EventDate "2017.01.14"]
[EventType "team"]
[EventRounds "7"]
[EventCountry "AUT"]
[WhiteTeam "SV OEkothek St. Veit/Glan"]
[BlackTeam "SK Baden"]

1. e4 c5 2. Nf3 e6 3. d4 cxd4 4. Nxd4 Nc6 5. Nc3 Qc7 6. Be3 a6 7. Qf3 Bd6 8.
O-O-O Be5 9. Nxc6 bxc6 10. Bd4 Nf6 11. Be2 Rb8 12. Bxe5 Qxe5 13. Qe3 O-O 14. f4
Qa5 15. g4 Qb4 16. b3 d5 17. e5 Nd7 18. f5 exf5 19. gxf5 Re8 20. e6 fxe6 21.
Bh5 Re7 22. fxe6 Nf8 23. Bf7+ Kh8 24. Rd4 Qa3+ 25. Kb1 Bxe6 26. Bxe6 Rxe6 27.
Qg3 Rbe8 28. Rg1 Qe7 29. Kb2 Rg6 30. Qf2 Rxg1 31. Qxg1 Ne6 32. Ra4 Nc7 33. Rg4
h6 34. Rg6 c5 35. Rc6 c4 36. Qg3 d4 37. Rxc7 dxc3+ 38. Kxc3 Qf6+ 39. Kb4 Qf8+
40. Kc3 Qf6+ 41. Kb4 cxb3 42. cxb3 Qb6+ 43. Ka3 Qa5+ 44. Kb2 Re2+ 45. Rc2 Rxc2+
46. Kxc2 Qxa2+ 47. Kc3 Qa5+ 48. Kc4 Qb5+ 49. Kc3 Qc6+ 50. Kb4 Qb5+ 51. Kc3 a5
52. Qf4 Qc6+ 53. Kd3 Qd5+ 54. Kc3 g5 55. Qf8+ Kh7 56. Qe7+ Kg6 57. Qe8+ Qf7 58.
Qb8 Kh5 59. Qe5 Qf3+ 60. Kb2 Qf2+ 61. Ka3 Qd2 62. Qe8+ Kh4 63. Qe4+ g4 64. Qe5
Qf2 65. Ka4 Qa2+ 66. Kb5 Qxb3+ 67. Kxa5 Qf3 68. Kb4 Qf2 69. Kc4 Kh3 70. Qh5+
Qh4 71. Qe5 g3+ 72. Kd3 Kxh2 73. Ke2 Qg4+ 74. Kf1 Qf3+ 0-1

[Event "Frauenbundesliga 2016/2017"]
[Site "Wien / St. Veit / Jenbach"]
[Date "2017.03.25"]
[Round "4"]
[Board "2"]
[White "Stallinger, Vanessa"]
[Black "Polterauer, Chiara"]
[Result "0-1"]
[WhiteElo "1852"]
[BlackElo "1988"]
[PlyCount "76"]
[EventDate "2017.01.14"]
[EventType "team"]
[EventRounds "7"]
[EventCountry "AUT"]
[WhiteTeam "SK Baden"]
[BlackTeam "SV OEkothek St. Veit/Glan"]

1. e4 e5 2. Nf3 Nc6 3. Bb5 a6 4. Ba4 Nf6 5. O-O Be7 6. Re1 b5 7. Bb3 d6 8. c3
O-O 9. h3 Nb8 10. d4 Nbd7 11. Nbd2 Bb7 12. Bc2 Re8 13. Nf1 Bf8 14. Ng3 g6 15.
Ng5 h6 16. Nf3 c6 17. Be3 Qc7 18. Qd2 Kh7 19. Rad1 Rad8 20. Qc1 Bg7 21. h4 Ng4
22. Bd2 Nf8 23. Nh2 Nxh2 24. Kxh2 exd4 25. cxd4 Bxd4 26. Bxh6 Bxf2 27. Rf1
Bxg3+ 28. Kxg3 Ne6 29. Kh3 Bc8 30. g4 Qd7 31. Bb3 Re7 32. Rg1 Rde8 33. Bc2 Nc5
34. Bf4 Nxe4 35. Bxe4 Rxe4 36. Rxd6 Re3+ 37. Kh2 Re2+ 38. Kh1 Qe7 0-1

[Event "Frauenbundesliga 2016/2017"]
[Site "Wien / St. Veit / Jenbach"]
[Date "2017.03.25"]
[Round "4"]
[Board "3"]
[White "Tarmastin, Laura"]
[Black "Lymysalo, Venla"]
[Result "1-0"]
[WhiteElo "1871"]
[BlackElo "1800"]
[PlyCount "120"]
[EventDate "2017.01.14"]
[EventType "team"]
[EventRounds "7"]
[EventCountry "AUT"]
[WhiteTeam "SV OEkothek St. Veit/Glan"]
[BlackTeam "SK Baden"]

1. e4 c6 2. d4 d5 3. Nd2 dxe4 4. Nxe4 Nd7 5. Nf3 Ngf6 6. Ng3 Qc7 7. Bd3 c5 8.
c3 e6 9. Qe2 Bd6 10. Nf5 O-O 11. Nxd6 Qxd6 12. O-O b6 13. Rd1 Bb7 14. dxc5 Qxc5
15. Bf4 Nd5 16. Bg3 N7f6 17. c4 Nb4 18. Bd6 Qa5 19. Bxf8 Rxf8 20. Ne5 Nxd3 21.
Nxd3 Qg5 22. f3 Nh5 23. Qe5 Qg6 24. Kf2 Rc8 25. Rac1 Nf6 26. Nf4 Qh6 27. h3 g5
28. Nxe6 fxe6 29. Qxe6+ Kf8 30. Rd6 Qh4+ 31. g3 Ne4+ 32. fxe4 Qxe4 33. Qf6+ Kg8
34. Qxg5+ Kh8 35. Qf6+ Kg8 36. Qe6+ Qxe6 37. Rxe6 Kf7 38. Rce1 Rc7 39. Rd6 Bc8
40. b3 Bxh3 41. Re5 Bg4 42. Ke3 h5 43. Kf4 Rc8 44. Kg5 Rg8+ 45. Kh4 Rc8 46.
Rxh5 Bxh5 47. Kxh5 Ke7 48. Rh6 Rc5+ 49. Kg6 Rc6+ 50. Kh7 Rc5 51. g4 Ra5 52. a4
Re5 53. Rh5 Re3 54. Rb5 Kf7 55. Kh6 Rg3 56. Kg5 Rd3 57. a5 Rd6 58. Kh5 Ke6 59.
Rg5 Kf7 60. Rd5 Rf6 1-0

[Event "Frauenbundesliga 2016/2017"]
[Site "Wien / St. Veit / Jenbach"]
[Date "2017.03.25"]
[Round "4"]
[Board "4"]
[White "Berger, Lisa"]
[Black "Kejzar, Petra"]
[Result "0-1"]
[WhiteElo "1643"]
[BlackElo "1991"]
[PlyCount "72"]
[EventDate "2017.01.14"]
[EventType "team"]
[EventRounds "7"]
[EventCountry "AUT"]
[WhiteTeam "SK Baden"]
[BlackTeam "SV OEkothek St. Veit/Glan"]

1. d4 Nf6 2. c4 g6 3. Nf3 Bg7 4. Bg5 c5 5. e3 O-O 6. Nc3 d6 7. Bd3 Bg4 8. h3
Bxf3 9. Qxf3 Nc6 10. dxc5 Ne5 11. Qe2 Nxd3+ 12. Qxd3 dxc5 13. Qc2 Qa5 14. O-O
h6 15. Bf4 e6 16. Qb3 Qb4 17. Qxb4 cxb4 18. Ne2 Ne4 19. Rfd1 g5 20. Bh2 Bxb2
21. Rab1 Nc3 22. Nxc3 bxc3 23. Rf1 Rfc8 24. Rxb2 cxb2 25. Be5 Rxc4 26. Bxb2 Rc2
27. Rb1 b6 28. a3 Rac8 29. Kf1 e5 30. Bxe5 Rc1+ 31. Rxc1 Rxc1+ 32. Ke2 Rc2+ 33.
Kf3 Ra2 34. Bd6 f5 35. Bb4 a5 36. Bd6 Kf7 0-1

[Event "Frauenbundesliga 2016/2017"]
[Site "Wien / St. Veit / Jenbach"]
[Date "2017.03.25"]
[Round "4"]
[Board "1"]
[White "Schloffer, Jasmin-Denise"]
[Black "Mar, Karmen"]
[Result "0-1"]
[WhiteElo "1937"]
[BlackElo "2087"]
[PlyCount "46"]
[EventDate "2017.01.14"]
[EventType "team"]
[EventRounds "7"]
[EventCountry "AUT"]
[WhiteTeam "Spg. Feldbach-Kirchberg"]
[BlackTeam "SC Extraherb WS"]

1. d4 d5 2. c4 e6 3. Nc3 c5 4. cxd5 exd5 5. Nf3 Nc6 6. g3 Nf6 7. Bg2 Be7 8. O-O
O-O 9. dxc5 Bxc5 10. b3 a6 11. Na4 Ba7 12. Nb2 Ne4 13. Nd3 Re8 14. Bb2 Be6 15.
Rc1 f6 16. Nde1 Qa5 17. a3 Rac8 18. Nc2 Bf7 19. b4 Qd8 20. Ncd4 Ne5 21. Qb3
Bxd4 22. Rxc8 Qxc8 23. Rc1 Bxf2+ 0-1

[Event "Frauenbundesliga 2016/2017"]
[Site "Wien / St. Veit / Jenbach"]
[Date "2017.03.25"]
[Round "4"]
[Board "2"]
[White "Zechner, Andrea"]
[Black "Horvath, Reka"]
[Result "0-1"]
[WhiteElo "1867"]
[BlackElo "2052"]
[PlyCount "50"]
[EventDate "2017.01.14"]
[EventType "team"]
[EventRounds "7"]
[EventCountry "AUT"]
[WhiteTeam "SC Extraherb WS"]
[BlackTeam "Spg. Feldbach-Kirchberg"]

1. d4 Nf6 2. Nf3 g6 3. Bf4 Bg7 4. e3 O-O 5. Bd3 d6 6. O-O c5 7. c3 a6 8. Nbd2
Nc6 9. Qe2 b5 10. Rfe1 Bb7 11. Rad1 e5 12. dxe5 dxe5 13. Nxe5 Qd5 14. Nef3 Qxa2
15. Nf1 Qe6 16. Rd2 Nd5 17. Ng5 Nxf4 18. Nxe6 Nxe2+ 19. Bxe2 fxe6 20. Rd7 Rf7
21. Rd6 Ne5 22. f4 Nc4 23. Bxc4 bxc4 24. Rxe6 Rf6 25. Re7 Rb6 0-1

[Event "Frauenbundesliga 2016/2017"]
[Site "Wien / St. Veit / Jenbach"]
[Date "2017.03.25"]
[Round "4"]
[Board "3"]
[White "Horvath, Orsolya"]
[Black "Majkovski, Sarah"]
[Result "1/2-1/2"]
[WhiteElo "1867"]
[BlackElo "1631"]
[PlyCount "50"]
[EventDate "2017.01.14"]
[EventType "team"]
[EventRounds "7"]
[EventCountry "AUT"]
[WhiteTeam "Spg. Feldbach-Kirchberg"]
[BlackTeam "SC Extraherb WS"]

1. e4 e5 2. Nf3 Nc6 3. Bb5 a6 4. Ba4 Nf6 5. Nc3 Be7 6. O-O b5 7. Bb3 d6 8. h3
Bb7 9. d3 Na5 10. Ne2 c5 11. Bxf7+ Kxf7 12. Ng5+ Ke8 13. Ne6 Qd7 14. Nxg7+ Kd8
15. Ng3 Kc7 16. f4 Nc6 17. c3 Rag8 18. N7f5 Bc8 19. Qf3 h5 20. Ne2 Rg6 21. Nh4
Rg7 22. Nf5 Rg6 23. Nh4 Rg7 24. Nf5 Rg6 25. Nh4 Rg7 1/2-1/2

[Event "Frauenbundesliga 2016/2017"]
[Site "Wien / St. Veit / Jenbach"]
[Date "2017.03.25"]
[Round "4"]
[Board "4"]
[White "Mattersberger, Melanie"]
[Black "Hadler, Hannah"]
[Result "1/2-1/2"]
[WhiteElo "1644"]
[BlackElo "1530"]
[PlyCount "83"]
[EventDate "2017.01.14"]
[EventType "team"]
[EventRounds "7"]
[EventCountry "AUT"]
[WhiteTeam "SC Extraherb WS"]
[BlackTeam "Spg. Feldbach-Kirchberg"]

1. e4 d5 2. exd5 Qxd5 3. Nc3 Qa5 4. Nf3 Bf5 5. Bc4 e6 6. d3 c6 7. Bd2 Qc7 8.
Qe2 Nd7 9. Nd4 Ne7 10. Bg5 Bg6 11. Nf3 h6 12. Bh4 Nf5 13. Bxe6 Nxh4 14. Nxh4
O-O-O 15. Nxg6 fxg6 16. O-O Bd6 17. g3 h5 18. Ne4 Rde8 19. Bxd7+ Qxd7 20. Nxd6+
Qxd6 21. Qd2 h4 22. Rae1 hxg3 23. Rxe8+ Rxe8 24. hxg3 Rh8 25. Qg5 Qe6 26. g4
Qd6 27. f4 Qd4+ 28. Rf2 Qxb2 29. Qxg6 Qc1+ 30. Rf1 Qxc2 31. Rf2 Qb1+ 32. Rf1
Qxa2 33. Rf2 Qa1+ 34. Rf1 Qf6 35. Qxf6 gxf6 36. g5 fxg5 37. fxg5 Rg8 38. Rf5 b5
39. Kf2 a5 40. Ke3 a4 41. Kd4 a3 42. Kc3 1/2-1/2

[Event "Frauenbundesliga 2016/2017"]
[Site "Wien / St. Veit / Jenbach"]
[Date "2017.03.26"]
[Round "5"]
[Board "1"]
[White "Richterova, Natasa"]
[Black "Theissl-Pokorna, Regina"]
[Result "1/2-1/2"]
[WhiteElo "2210"]
[BlackElo "2335"]
[PlyCount "46"]
[EventDate "2017.01.14"]
[EventType "team"]
[EventRounds "7"]
[EventCountry "AUT"]
[WhiteTeam "Spg. Steyr"]
[BlackTeam "ASVOE Pamhagen"]

1. e4 e5 2. Nf3 Nc6 3. Nc3 Nf6 4. d4 exd4 5. Nxd4 Bb4 6. Nxc6 bxc6 7. Bd3 d5 8.
exd5 cxd5 9. O-O O-O 10. Bg5 c6 11. Qf3 Rb8 12. h3 Bd6 13. Nd1 Qe7 14. Bf4 Bxf4
15. Qxf4 Qb4 16. Qf3 c5 17. b3 d4 18. Nb2 Bb7 19. Qf5 Bc8 20. Qf3 Bb7 21. Qf5
Bc8 22. Qf3 Bb7 23. Qf5 Bc8 1/2-1/2

[Event "Frauenbundesliga 2016/2017"]
[Site "Wien / St. Veit / Jenbach"]
[Date "2017.03.26"]
[Round "5"]
[Board "2"]
[White "Hapala, Elisabeth"]
[Black "Saler-Grafenberger, Elisabeth"]
[Result "1-0"]
[WhiteElo "2091"]
[BlackElo "1918"]
[PlyCount "51"]
[EventDate "2017.01.14"]
[EventType "team"]
[EventRounds "7"]
[EventCountry "AUT"]
[WhiteTeam "ASVOE Pamhagen"]
[BlackTeam "Spg. Steyr"]

1. e4 d6 2. d4 Nf6 3. Nc3 e5 4. dxe5 dxe5 5. Qxd8+ Kxd8 6. Bg5 Be6 7. O-O-O+
Nbd7 8. f4 exf4 9. Nf3 h6 10. Bxf4 Ng4 11. Rd2 g5 12. Bg3 Bc5 13. Nd4 Ne3 14.
Be2 Bxd4 15. Rxd4 f5 16. Be5 Rh7 17. Nb5 Rc8 18. Nxa7 Ra8 19. Nb5 Rxa2 20. Kd2
Kc8 21. Bxc7 f4 22. g3 Rxb2 23. Ra1 Rxc2+ 24. Ke1 Rxc7 25. Ra8+ Nb8 26. Na7#
 1-0

[Event "Frauenbundesliga 2016/2017"]
[Site "Wien / St. Veit / Jenbach"]
[Date "2017.03.26"]
[Round "5"]
[Board "3"]
[White "Molnar, Monika"]
[Black "Horvath, Maria"]
[Result "0-1"]
[WhiteElo "1823"]
[BlackElo "1983"]
[PlyCount "94"]
[EventDate "2017.01.14"]
[EventType "team"]
[EventRounds "7"]
[EventCountry "AUT"]
[WhiteTeam "Spg. Steyr"]
[BlackTeam "ASVOE Pamhagen"]

1. e4 e6 2. d4 d5 3. Nd2 Nf6 4. e5 Nfd7 5. Ngf3 c5 6. c3 Nc6 7. Bb5 Qb6 8. Bxc6
bxc6 9. O-O cxd4 10. cxd4 Be7 11. Nb3 a5 12. Rb1 a4 13. Na1 c5 14. Nc2 O-O 15.
Be3 Ba6 16. Re1 Rfc8 17. b3 Qb5 18. dxc5 Nxc5 19. Ncd4 Qd7 20. Qd2 Nd3 21. Red1
Bb4 22. Qe2 Nc5 23. Qb2 a3 24. Qa1 Ne4 25. Rbc1 Bc3 26. Qb1 Bb2 27. Rxc8+ Rxc8
28. Ng5 Nxg5 29. Bxg5 Qc7 30. Bf4 Qc3 31. h3 h6 32. Kh2 Rb8 33. Be3 Qc7 34. f4
Rc8 35. Re1 Qc3 36. Qd1 Bd3 37. Nf3 Qc2 38. Nd4 Qxd1 39. Rxd1 Be4 40. Rd2 Rc1
41. Rf2 Rd1 42. Nb5 d4 43. Bd2 Bd3 44. Nd6 Bc3 45. Bxc3 dxc3 46. b4 c2 47. Rxc2
Bxc2 0-1

[Event "Frauenbundesliga 2016/2017"]
[Site "Wien / St. Veit / Jenbach"]
[Date "2017.03.26"]
[Round "5"]
[Board "4"]
[White "Kosc, Renata"]
[Black "Bernhard, Julia"]
[Result "1/2-1/2"]
[WhiteElo "1996"]
[BlackElo "1818"]
[PlyCount "60"]
[EventDate "2017.01.14"]
[EventType "team"]
[EventRounds "7"]
[EventCountry "AUT"]
[WhiteTeam "ASVOE Pamhagen"]
[BlackTeam "Spg. Steyr"]

1. e4 e5 2. Bc4 Nc6 3. Nf3 Nf6 4. d3 Bc5 5. O-O d6 6. Nc3 Bg4 7. h3 Bh5 8. Be3
Nd4 9. Bxd4 Bxd4 10. Qe2 c6 11. Nd1 b5 12. Bb3 O-O 13. c3 Bb6 14. Ne3 a5 15. g4
Bg6 16. Ng2 Qd7 17. Nfh4 a4 18. Bc2 h5 19. Nf5 hxg4 20. hxg4 Bxf5 21. exf5 g6
22. Ne3 d5 23. Ng2 Rae8 24. Nh4 Bc7 25. Rad1 e4 26. dxe4 Qd6 27. f4 Nxe4 28.
Bxe4 Qc5+ 29. Rd4 Rxe4 30. Qf2 Bb6 1/2-1/2

[Event "Frauenbundesliga 2016/2017"]
[Site "Wien / St. Veit / Jenbach"]
[Date "2017.03.26"]
[Round "5"]
[Board "1"]
[White "Kopinits, Anna-Christina"]
[Black "Kolba, Anastasiya"]
[Result "1-0"]
[WhiteElo "2282"]
[BlackElo "1989"]
[PlyCount "103"]
[EventDate "2017.01.14"]
[EventType "team"]
[EventRounds "7"]
[EventCountry "AUT"]
[WhiteTeam "ASVOE Wulkaprodersdorf"]
[BlackTeam "tschaturanga"]

1. e4 c5 2. b3 e5 3. Bb2 Nc6 4. Bc4 d6 5. Nc3 Nf6 6. d3 a6 7. a4 Rb8 8. Qd2 Nd4
9. a5 Be7 10. Nge2 O-O 11. O-O Nh5 12. f4 Nxf4 13. Nxf4 exf4 14. Nd5 f3 15.
Bxd4 cxd4 16. Nxe7+ Qxe7 17. Rxf3 Be6 18. Qf2 Bxc4 19. bxc4 Rbc8 20. Qxd4 Rc5
21. Qc3 Qe6 22. Rb1 Rc7 23. Rb6 Rd8 24. Qd4 Qe5 25. Qxe5 dxe5 26. Rf1 f6 27.
Kf2 Kf7 28. Ke3 Ke7 29. Rfb1 Rdd7 30. R1b4 Kd8 31. c3 Kc8 32. d4 Re7 33. c5 f5
34. exf5 exd4+ 35. Kxd4 Re2 36. g4 Rxh2 37. c6 bxc6 38. Kc5 Rc2 39. Rc4 h5 40.
Rxa6 h4 41. Ra8+ Kb7 42. Rh8 Rh2 43. Rb4+ Ka7 44. Rbb8 Ka6 45. Ra8+ Ra7 46.
Rxa7+ Kxa7 47. Rh7 Ka6 48. Rxg7 h3 49. Rh7 Rg2 50. Rxh3 Rxg4 51. Rf3 Kxa5 52.
f6 1-0

[Event "Frauenbundesliga 2016/2017"]
[Site "Wien / St. Veit / Jenbach"]
[Date "2017.03.26"]
[Round "5"]
[Board "2"]
[White "Landl, Margot"]
[Black "Newrkla, Katharina"]
[Result "0-1"]
[WhiteElo "1915"]
[BlackElo "2188"]
[PlyCount "76"]
[EventDate "2017.01.14"]
[EventType "team"]
[EventRounds "7"]
[EventCountry "AUT"]
[WhiteTeam "tschaturanga"]
[BlackTeam "ASVOE Wulkaprodersdorf"]

1. e4 c5 2. Nf3 d6 3. d4 cxd4 4. Nxd4 Nf6 5. Nc3 a6 6. Be2 e5 7. Nb3 Be7 8. O-O
O-O 9. Kh1 b6 10. f3 Bb7 11. Nd5 Nxd5 12. exd5 Bg5 13. c4 Nd7 14. Nd2 f5 15. b4
a5 16. b5 Be3 17. Bb2 Qg5 18. Bc3 Rf6 19. f4 Bxf4 20. Nf3 Qh6 21. Bd2 Bxd2 22.
Qxd2 f4 23. h3 Nc5 24. Nh2 Qg5 25. Bd3 e4 26. Bc2 Bc8 27. Rae1 e3 28. Qd4 Bd7
29. Nf3 Qg3 30. Ng1 f3 31. Nxf3 Bxh3 32. Re2 Bg4 33. Qxe3 Rh6+ 34. Kg1 Rf8 35.
Qf2 Qf4 36. Qe3 Qxc4 37. Bb3 Nxb3 38. axb3 Qxd5 0-1

[Event "Frauenbundesliga 2016/2017"]
[Site "Wien / St. Veit / Jenbach"]
[Date "2017.03.26"]
[Round "5"]
[Board "3"]
[White "Boric, Elena"]
[Black "Kremer, Nadine"]
[Result "1-0"]
[WhiteElo "2204"]
[BlackElo "1823"]
[PlyCount "63"]
[EventDate "2017.01.14"]
[EventType "team"]
[EventRounds "7"]
[EventCountry "AUT"]
[WhiteTeam "ASVOE Wulkaprodersdorf"]
[BlackTeam "tschaturanga"]

1. d4 Nf6 2. Nf3 g6 3. c4 c5 4. d5 b5 5. cxb5 a6 6. bxa6 Bxa6 7. Nc3 Bg7 8. g3
O-O 9. Bg2 d6 10. O-O Nbd7 11. Qc2 Nb6 12. Rd1 Bb7 13. e4 Ra5 14. Rb1 Qa8 15.
a3 e6 16. b4 cxb4 17. Rxb4 Rc8 18. Rxb6 Rac5 19. dxe6 Rxc3 20. exf7+ Kf8 21.
Qd2 Nxe4 22. Qf4 Qa7 23. Be3 Rxe3 24. Rxb7 Qxb7 25. Qxe3 Rc3 26. Qe2 d5 27. Ng5
Qe7 28. Bxe4 dxe4 29. Rd8+ Qxd8 30. Ne6+ Ke7 31. Nxd8 Kxd8 32. Qxe4 1-0

[Event "Frauenbundesliga 2016/2017"]
[Site "Wien / St. Veit / Jenbach"]
[Date "2017.03.26"]
[Round "5"]
[Board "1"]
[White "Schnegg, Anna-Lena"]
[Black "Polterauer, Chiara"]
[Result "1-0"]
[WhiteElo "2120"]
[BlackElo "1988"]
[PlyCount "111"]
[EventDate "2017.01.14"]
[EventType "team"]
[EventRounds "7"]
[EventCountry "AUT"]
[WhiteTeam "Mayrhofen/SK Zell/Zillertal"]
[BlackTeam "SV OEkothek St. Veit/Glan"]

1. g3 d5 2. f4 Nf6 3. Nf3 e6 4. Bg2 Bd6 5. O-O O-O 6. d4 c5 7. e3 b6 8. Nbd2
Bb7 9. c3 Qe7 10. Ne5 Nfd7 11. e4 cxd4 12. cxd4 dxe4 13. Nxe4 Bd5 14. Qd3 f6
15. Nc4 Bc7 16. b3 b5 17. Ne3 Bc6 18. Bb2 Bb6 19. Kh1 Rd8 20. d5 exd5 21. Nf5
Qf8 22. Ng5 g6 23. Bxd5+ Kh8 24. Bxc6 Nxc6 25. Ne6 Nc5 26. Qxd8 Bxd8 27. Nxf8
gxf5 28. Rac1 Bb6 29. Nd7 Nxd7 30. Rxc6 Re8 31. Rd1 Nc5 32. Bd4 Ne4 33. Bxb6
axb6 34. Kg2 Kg7 35. Rd7+ Kg6 36. Rcc7 Rh8 37. Re7 b4 38. Rb7 Nc3 39. Ra7 h5
40. Kf3 Rg8 41. Reb7 Nd5 42. a3 bxa3 43. Rxa3 h4 44. Rd7 Nb4 45. Ra4 Nc2 46.
Rd2 Rc8 47. Rc4 Rxc4 48. bxc4 Na3 49. Rd4 hxg3 50. hxg3 Kf7 51. Ke2 b5 52. c5
Nc2 53. Rd6 Ke7 54. Kd3 Ne1+ 55. Kc3 Nf3 56. Rd3 1-0

[Event "Frauenbundesliga 2016/2017"]
[Site "Wien / St. Veit / Jenbach"]
[Date "2017.03.26"]
[Round "5"]
[Board "2"]
[White "Tarmastin, Laura"]
[Black "Wu, Min"]
[Result "1-0"]
[WhiteElo "1871"]
[BlackElo "1907"]
[PlyCount "121"]
[EventDate "2017.01.14"]
[EventType "team"]
[EventRounds "7"]
[EventCountry "AUT"]
[WhiteTeam "SV OEkothek St. Veit/Glan"]
[BlackTeam "Mayrhofen/SK Zell/Zillertal"]

1. e4 c5 2. Nf3 e6 3. d4 cxd4 4. Nxd4 Nc6 5. Be3 Qc7 6. Be2 a6 7. c4 Nf6 8. f3
Bc5 9. Qd2 Qb6 10. Nc2 O-O 11. Nc3 Bxe3 12. Nxe3 Qc7 13. O-O d6 14. Rfd1 Rd8
15. Kh1 b6 16. Rac1 Qe7 17. f4 Bb7 18. Bf3 Rac8 19. Qf2 Na5 20. b3 Bc6 21. Qe2
Nb7 22. b4 h6 23. Qf2 a5 24. b5 Be8 25. Na4 Nc5 26. Nxc5 Rxc5 27. Qd2 Rcc8 28.
Rc3 d5 29. exd5 exd5 30. Nxd5 Nxd5 31. Bxd5 Qf6 32. Rd3 Kf8 33. h3 g6 34. Rd4
Kg7 35. Kh2 Rc7 36. Qf2 Re7 37. R4d3 Red7 38. Re1 Rd6 39. Qf3 h5 40. a4 Bd7 41.
Rde3 Be6 42. Bxe6 fxe6 43. Re4 Rd3 44. Qf2 R8d4 45. R1e3 Qf5 46. Rxd3 Rxe4 47.
Rd4 Qc5 48. Rd7+ Kh6 49. Qb2 Qf8 50. g3 h4 51. Qd2 hxg3+ 52. Kxg3 Rxc4 53. h4
Qf5 54. Rd8 Rc7 55. Rd6 Rc4 56. Rxe6 Rxa4 57. Re5 Ra3+ 58. Kf2 Qh3 59. f5+ Kg7
60. Re7+ Kf6 61. Qg5# 1-0

[Event "Frauenbundesliga 2016/2017"]
[Site "Wien / St. Veit / Jenbach"]
[Date "2017.03.26"]
[Round "5"]
[Board "3"]
[White "Konecny, Sophie"]
[Black "Kejzar, Petra"]
[Result "0-1"]
[WhiteElo "1820"]
[BlackElo "1991"]
[PlyCount "82"]
[EventDate "2017.01.14"]
[EventType "team"]
[EventRounds "7"]
[EventCountry "AUT"]
[WhiteTeam "Mayrhofen/SK Zell/Zillertal"]
[BlackTeam "SV OEkothek St. Veit/Glan"]

1. d4 g6 2. c4 Bg7 3. Nf3 f5 4. g3 Nf6 5. Bg2 O-O 6. O-O d6 7. Nc3 c6 8. Re1
Ne4 9. Qd3 d5 10. Bf4 Be6 11. c5 Nd7 12. Rab1 b5 13. b4 a5 14. a3 axb4 15. axb4
Ra3 16. Rec1 Qa8 17. Ng5 Bf7 18. f3 Nxg5 19. Bxg5 e5 20. Be3 exd4 21. Bxd4 Ne5
22. Qd1 Re8 23. Ra1 Nxf3+ 24. Bxf3 Bxd4+ 25. Qxd4 Rxa1 26. Rxa1 Qxa1+ 27. Kf2
Ra8 28. Qe5 Re8 29. Qd4 Qa8 30. Qf6 Re6 31. Qd4 Qb8 32. h4 Qe5 33. Qd3 d4 34.
Nd1 h6 35. Qd2 Kg7 36. Kg2 Rf6 37. Kf2 Bd5 38. Bxd5 Qxd5 39. Qf4 Rf7 40. Qd6 f4
41. Ke1 f3 0-1

[Event "Frauenbundesliga 2016/2017"]
[Site "Wien / St. Veit / Jenbach"]
[Date "2017.03.26"]
[Round "5"]
[Board "4"]
[White "Stangl, Helga"]
[Black "Roeck, Vanessa"]
[Result "1/2-1/2"]
[WhiteElo "1603"]
[BlackElo "1627"]
[PlyCount "124"]
[EventDate "2017.01.14"]
[EventType "team"]
[EventRounds "7"]
[EventCountry "AUT"]
[WhiteTeam "SV OEkothek St. Veit/Glan"]
[BlackTeam "Mayrhofen/SK Zell/Zillertal"]

1. Nf3 g6 2. d3 Bg7 3. Nbd2 d6 4. e3 Nf6 5. Be2 O-O 6. Rb1 c5 7. c4 Nc6 8. O-O
a6 9. b3 e6 10. Bb2 b5 11. Ne4 Bb7 12. Nxf6+ Bxf6 13. d4 Na7 14. dxc5 Bxb2 15.
Rxb2 dxc5 16. Rd2 Qc8 17. Qc1 b4 18. Rfd1 Nc6 19. Rd7 f6 20. R1d6 Rf7 21. Qd1
Rxd7 22. Rxd7 Nd4 23. Rxb7 Nxe2+ 24. Qxe2 Qxb7 25. Qd3 Kf7 26. Qd6 Qe7 27. Qf4
g5 28. Nxg5+ Kg8 29. Qe4 Rd8 30. h4 fxg5 31. hxg5 Qxg5 32. Qxe6+ Kf8 33. g3 Qg6
34. Qe5 Rd1+ 35. Kg2 Kf7 36. Qc7+ Ke6 37. Qc6+ Rd6 38. Qc8+ Ke7 39. Qc7+ Rd7
40. Qxc5+ Qd6 41. Qg5+ Ke8 42. Qg8+ Qf8 43. Qe6+ Qe7 44. Qg8+ Qf8 45. Qe6+ Kd8
46. Qb6+ Kc8 47. Qc6+ Kd8 48. Qa8+ Ke7 49. Qe4+ Kd6 50. Qd5+ Kc7 51. Qa5+ Kb7
52. c5 Qf6 53. Qxb4+ Kc8 54. Qc4 Qc6+ 55. e4 Re7 56. f3 Rd7 57. Qg8+ Kb7 58.
Qg5 Rc7 59. b4 a5 60. a3 axb4 61. axb4 Qb5 62. Qd5+ Qc6 1/2-1/2

[Event "Frauenbundesliga 2016/2017"]
[Site "Wien / St. Veit / Jenbach"]
[Date "2017.03.26"]
[Round "5"]
[Board "1"]
[White "Wunderl, Eva"]
[Black "Novkovic, Julia"]
[Result "0-1"]
[WhiteElo "1880"]
[BlackElo "2162"]
[PlyCount "120"]
[EventDate "2017.01.14"]
[EventType "team"]
[EventRounds "7"]
[EventCountry "AUT"]
[WhiteTeam "Schach ohne Grenzen"]
[BlackTeam "SK Dornbirn"]

1. e4 e5 2. Nf3 Nc6 3. Bc4 Nf6 4. d3 h6 5. h3 d6 6. a3 g6 7. Be3 Bg7 8. Nc3 a6
9. Nd5 Nxd5 10. Bxd5 Ne7 11. Ba2 d5 12. Qe2 Qd6 13. Bd2 O-O 14. O-O Be6 15. c3
Kh7 16. b4 Rfe8 17. c4 dxc4 18. dxc4 c5 19. Bc3 Nc6 20. Rfd1 Nd4 21. Nxd4 cxd4
22. Bb2 Rad8 23. Qd3 Qe7 24. c5 Bxa2 25. Rxa2 Qe6 26. Raa1 Bf8 27. Rac1 Be7 28.
Rc2 f5 29. f3 Bg5 30. Bc1 Bh4 31. Bd2 Rf8 32. Be1 Bg5 33. Bd2 Rc8 34. Bxg5 hxg5
35. Rf1 Kg7 36. Rff2 Qc6 37. Ra2 fxe4 38. fxe4 Rf4 39. Rxf4 gxf4 40. Re2 Rd8
41. Rc2 Kf6 42. Rd2 Ke7 43. Qf3 Rd7 44. Qd3 Kd8 45. Rf2 g5 46. Rd2 Rg7 47. Qf3
g4 48. hxg4 Qg6 49. Rd3 Kc7 50. Kf2 Qe6 51. Qe2 Rxg4 52. Rh3 Qg6 53. Kf1 Rg3
54. Rxg3 Qxg3 55. Qf3 Qxf3+ 56. gxf3 Kc6 57. a4 a5 58. bxa5 Kxc5 59. Ke2 Kc4
60. Kd2 Kb4 0-1